Top 10 Songs by the Dead Kennedys - Statistics

General Stats
  • This quiz has been taken 2 times
  • The average score is 3 of 10
Answer Stats
Hint Answer % Correct
1 Holiday in Cambodia
100%
5 Kill the Poor
50%
7 Let's Lynch the Landlord
50%
8 Moon Over Marin
50%
6 Nazi Punks Fuck off
50%
3 California Uber Alles
0%
9 Chemical Warfare
0%
10 MTV Get Off the Air
0%
2 Police Truck
0%
4 Too Drunk to Fuck
0%
No matching quizzes found
Score Distribution
Percent of People with Each Score
Percentile by Number Answered
Your Score History
You have not taken this quiz